000 01626cam a22004814i 4500
003 PE-LiUPU
005 20250731173057.0
008 150623s1990 mnu rb 000 0 eng d
020 _a0800624238
035 _a(Sirsi) i9780800624231
040 _aPE-LiUPU
_bspa
_cPE-LiUPU
_erda
049 _aPRUA
082 0 4 _a291
_bS98
_221
100 1 _aSwidler, Leonard J.,
_eautor.
245 1 0 _aAfter the absolute :
_bthe dialogical future of religious reflection /
_cLeonard J. Swidler.
264 1 _aMinneapolis, MN :
_bFortress Press,
_c1990.
300 _a248 páginas ;
_c23 centímetros
336 _atext
_2rdacontent
337 _aunmediated
_2rdamedia
338 _avolume
_2rdacarrier
504 _aIncluye bibliografía.
505 0 _aBases of dialogue -- The "inner" dialogue -- The inter" dialogue -- Dialogue attempted.
526 _aSEG42
526 _aSEG41
526 _aSEG40
526 _aSEG39
526 _aP94
526 _aP87
526 _aP86
526 _aP85
526 _aP77
526 _aP76
526 _aP35
650 1 4 _aCristianismo y otras religiones.
_91630
650 2 4 _aDiálogo
_xCristianismo.
650 2 4 _aReligiones
_xRelaciones.
942 _2ddc
_cBOOK
949 _a291 S98
_wDEWEY
_c1
_i48645
_lCCODEBUL1
_mBUL
_r0
_sY
_tBOOK
_u2015-6-24
_xTEOLOGIA
_PP35
_0COMPRA
_o.STAFF. Colección General
994 _aC0
_bPEPRU
596 _a1
999 _a291 S98
_wDEWEY
_c27817
_i48645
_f2021-11-11
_g5
_lCCODEBUL1
_mBUL
_p5.00
_r0
_sY
_tBOOK
_u2015-6-24
_xTEOLOGIA
_PP35
_0COMPRA
_o.STAFF. Colección Teología
_d27817
980 _81
_gALBERTO SANCHEZ Responsable de Automatización